Thiết kế, sàng lọc và tổng hợp một Số dẫn xuất thiosemicarbazone và Phức chất dựa trên các tính toán Hóa lượng tử kết hợp phương pháp Mô hình hóa QSPR: Luận án Tiến sĩ hóa học - Chuyên ngành: Hóa lý thuyết và hóa lý

Сохранить в:
Библиографические подробности
Главный автор: Nguyễn, Minh Quang
Формат: Luận văn
Язык:Undetermined
Опубликовано: Đại học Huế 2020
Предметы:
Online-ссылка:https://opac.iuh.edu.vn/TraCuuTaiLieuSo2XemChiTiet.aspx?Id=114623
Метки: Добавить метку
Нет меток, Требуется 1-ая метка записи!
Thư viện lưu trữ: Trung tâm Thư viện - Trường Đại học Công nghiệp TP. Hồ Chí Minh
LEADER 00932nam a2200169Ia 4500
001 UIH_02025
008 230809s9999 xx 000 0 und d
082 |a 547.1 
100 |a Nguyễn, Minh Quang 
245 0 |a Thiết kế, sàng lọc và tổng hợp một Số dẫn xuất thiosemicarbazone và Phức chất dựa trên các tính toán Hóa lượng tử kết hợp phương pháp Mô hình hóa QSPR: Luận án Tiến sĩ hóa học - Chuyên ngành: Hóa lý thuyết và hóa lý 
245 0 |c Nguyễn, Minh Quang 
260 |b Đại học Huế 
260 |c 2020 
650 |a Hóa học vật lý và lý thuyết;Luận án tiến sĩ; 
856 |u https://opac.iuh.edu.vn/TraCuuTaiLieuSo2XemChiTiet.aspx?Id=114623 
927 |a Luận văn 
980 |a Trung tâm Thư viện - Trường Đại học Công nghiệp TP. Hồ Chí Minh